Worst Football Teams 25/26 - Statistics

General Stats
  • This quiz has been taken 16 times
  • The average score is 9 of 20
Answer Stats
Ø Points Club % Correct
0.158 Wolves
94%
0.737 West Ham
75%
0.632 Burnley
69%
0.733 Heidenheim
56%
0.529 Fiorentina
50%
0.947 Nottingham Forest
50%
0.647 Oviedo
50%
0.75 Auxerre
44%
0.75 Hellas Verona
44%
0.533 Mainz
44%
0.647 Pisa
44%
0.625 Levante
38%
0.688 Nantes
38%
0.8 St Pauli
38%
0.941 Valencia
38%
0.688 Metz
31%
0.933 Augsburg
25%
0.938 Le Havre
25%
0.824 Genoa
19%
0.882 Girona
19%
No matching quizzes found
Score Distribution
Percent of People with Each Score
Percentile by Number Answered
Your Score History
You have not taken this quiz